[Event "MNT Team Cup"]
[Site "Herceg Novi"]
[Date "2022.05.20"]
[Round "1.4"]
[White "Popovic, Zoran1111"]
[Black "Ceranic, Miodrag"]
[Result "0-1"]
[WhiteElo "1961"]
[BlackElo "2177"]
[PlyCount "91"]
[EventDate "2022.05.20"]
[EventType "swiss"]
[EventRounds "5"]
[EventCountry "MNE"]
[SourceTitle "CBM 208 Extra"]
[Source "ChessBase"]
[SourceDate "2022.07.31"]
[SourceVersion "1"]
[SourceVersionDate "2022.07.31"]
[SourceQuality "1"]

1. d4 c5 2. d5 Nf6 3. c4 b5 4. Qc2 bxc4 5. e4 d6 6. Bxc4 g6 7. Bd2 Bg7 8. Bc3 0-0 9. Nd2 Nbd7 10. Ngf3 Nb6 11. Bd3 e6 12. dxe6 Bxe6 13. 0-0 d5 14. Rad1 d4 15. Ba5 Rc8 16. b3 Nfd7 17. Ba6 Rc7 18. Rfe1 Bg4 19. h3 Bxf3 20. Nxf3 Ne5 21. Be2 Nxf3+ 22. Bxf3 Be5 23. g3 Qc8 24. Bg2 c4 25. bxc4 Rxc4 26. Qb3 Qc5 27. Bf1 d3 28. Bxb6 axb6 29. Rxd3 Rc2 30. Re2 Rc1 31. Qd5 Qc7 32. Kg2 Rb1 33. f4 Qc1 34. Rf2 Bf6 35. e5 Be7 36. Qf3 Bc5 37. Rfd2 Bb4 38. Re2 Rc8 39. f5 Rc2 40. Rd8+ Kg7 41. f6+ Kh6 42. Qf4+ g5 43. Qxc1 Rcxc1 44. Rf2 Bc5 45. Rf3 Rc2+ 46. Kh1 0-1

[Event "MNT-chTA"]
[Site "Cetinje"]
[Date "2012.10.07"]
[Round "9"]
[White "Srdanovic, Ljuban"]
[Black "Ceranic, Miodrag"]
[Result "0-1"]
[WhiteElo "1875"]
[BlackElo "2187"]
[PlyCount "96"]
[EventDate "2012.09.07"]
[EventType "team-tourn"]
[EventRounds "9"]
[EventCountry "MNE"]
[SourceTitle "CBM 150 Extra"]
[Source "ChessBase"]
[SourceDate "2012.10.19"]
[SourceVersion "1"]
[SourceVersionDate "2012.10.19"]
[SourceQuality "1"]

1. e4 c5 2. Nf3 d6 3. d4 cxd4 4. Nxd4 Nf6 5. Nc3 a6 6. Bg5 e6 7. Qd2 Be7 8. 0-0-0 Qc7 9. f4 h6 10. Bxf6 Bxf6 11. Be2 Nd7 12. Bh5 Nb6 13. h4 Bd7 14. f5 Nc4 15. Qd3 0-0 16. Be2 Rac8 17. Qxc4 Qxc4 18. Bxc4 Rxc4 19. Nde2 Be5 20. g4 Bc6 21. Rh3 Bxe4 22. b3 Bg2 23. Rg3 Bxg3 24. bxc4 Be5 25. Kd2 exf5 26. Rg1 Bh3 27. gxf5 Bxf5 28. Nd5 Kh7 29. Rb1 Bc8 30. Ne7 Be6 31. Kd3 b5 32. cxb5 axb5 33. Rxb5 Bxa2 34. c4 Ra8 35. Nc3 Ra3 36. Ned5 Bb3 37. Nb1 Bxc4+ 38. Kxc4 Rh3 39. Ne7 Rxh4+ 40. Kd3 g6 41. Nd2 Rh3+ 42. Ke2 Rh2+ 43. Kd3 Rh3+ 44. Ke2 Bd4 45. Nf3 Bc5 46. Rb7 Kg7 47. Nd5 g5 48. Nc3 g4 0-1

[Event "MNT-chTA"]
[Site "Cetinje"]
[Date "2012.10.06"]
[Round "8"]
[White "Ceranic, Miodrag"]
[Black "Krstonijevic, Stjepan"]
[Result "1/2-1/2"]
[WhiteElo "2187"]
[BlackElo "2014"]
[PlyCount "69"]
[EventDate "2012.09.07"]
[EventType "team-tourn"]
[EventRounds "9"]
[EventCountry "MNE"]
[SourceTitle "CBM 150 Extra"]
[Source "ChessBase"]
[SourceDate "2012.10.19"]
[SourceVersion "1"]
[SourceVersionDate "2012.10.19"]
[SourceQuality "1"]

1. e4 c5 2. Nf3 e6 3. d4 cxd4 4. Nxd4 Nc6 5. Nb5 d6 6. Bf4 e5 7. Be3 a6 8. N5c3 Nf6 9. Be2 Be7 10. 0-0 0-0 11. Nd2 d5 12. exd5 Nxd5 13. Nxd5 Qxd5 14. Bc4 Qd7 15. c3 Qf5 16. Qe2 Qg4 17. f3 Qd7 18. Rfd1 Qc7 19. Qf2 Bf5 20. Bb6 Qc8 21. Ne4 Na5 22. Bf1 Nc4 23. Bxc4 Qxc4 24. Nd6 Bxd6 25. Rxd6 Rac8 26. a4 Rc6 27. Rxc6 Qxc6 28. a5 Re8 29. Rd1 h6 30. h3 Re7 31. Rd8+ Re8 32. Rd2 Qb5 33. Qe3 Kh7 34. g4 Bg6 35. Kf2 1/2-1/2

[Event "MNT-chTA"]
[Site "Cetinje"]
[Date "2012.09.22"]
[Round "5"]
[White "Ceranic, Miodrag"]
[Black "Cerovic, Vukoman"]
[Result "1-0"]
[WhiteElo "2187"]
[BlackElo "1988"]
[PlyCount "89"]
[EventDate "2012.09.07"]
[EventType "team-tourn"]
[EventRounds "9"]
[EventCountry "MNE"]
[SourceTitle "CBM 150 Extra"]
[Source "ChessBase"]
[SourceDate "2012.10.19"]
[SourceVersion "1"]
[SourceVersionDate "2012.10.19"]
[SourceQuality "1"]

1. d4 Nf6 2. c4 d5 3. Nc3 e6 4. Bg5 Be7 5. Nf3 Nbd7 6. e3 0-0 7. Bd3 c6 8. 0-0 dxc4 9. Bxc4 b5 10. Bd3 Bb7 11. Qe2 b4 12. Na4 a5 13. Rac1 h6 14. Bh4 Nd5 15. Bxe7 Qxe7 16. Nc5 Nxc5 17. Rxc5 Rfc8 18. Rfc1 f6 19. Bb1 Kf7 20. Qc2 Ke8 21. Qh7 Kd7 22. Qg6 Rf8 23. Nd2 Qf7 24. Qg3 Kd8 25. Nc4 Qc7 26. Qxc7+ Kxc7 27. Nxa5 Ra6 28. Bd3 Ra7 29. Nxc6 Bxc6 30. Rxc6+ Kd7 31. Bb5 Ke7 32. Bc4 Rd8 33. g3 Rd6 34. Bb3 Rxc6 35. Rxc6 Kd7 36. Bxd5 exd5 37. Rb6 Rxa2 38. Rxb4 Ra1+ 39. Kg2 Ra7 40. h4 h5 41. Rb8 Kc7 42. Rh8 Kd6 43. Rxh5 Rb7 44. Rh7 Ke6 45. h5 1-0

[Event "MNT-chT"]
[Site "Tivat"]
[Date "2011.10.14"]
[Round "7.5"]
[White "Ceranic, Miodrag"]
[Black "Balic, Adnan"]
[Result "1-0"]
[WhiteElo "2178"]
[BlackElo "2063"]
[PlyCount "81"]
[EventDate "2011.10.08"]
[EventType "team-tourn"]
[EventRounds "9"]
[EventCountry "MNE"]
[SourceTitle "CBM 144 Extra"]
[Source "ChessBase"]
[SourceDate "2011.10.28"]
[SourceVersion "1"]
[SourceVersionDate "2011.10.28"]
[SourceQuality "1"]
[WhiteTeam "Herceg Novi Bijela"]
[BlackTeam "Bijelo Polje Djurdjic"]
[WhiteTeamCountry "MNE"]
[BlackTeamCountry "MNE"]

1. e4 c6 2. d4 g6 3. Nc3 Bg7 4. Bc4 Nh6 5. f3 0-0 6. Be3 b5 7. Bb3 Kh8 8. h4 e6 9. Qd2 Ng8 10. h5 a5 11. hxg6 fxg6 12. a4 b4 13. Nce2 e5 14. d5 d6 15. dxc6 Qc7 16. 0-0-0 Rd8 17. g4 Nxc6 18. Nh3 Bf6 19. Ng5 Bxg5 20. Bxg5 Rd7 21. Be6 Rg7 22. Bxg8 Kxg8 23. Qxd6 Qxd6 24. Rxd6 Rc7 25. Bd8 Nxd8 26. Rxd8+ Kg7 27. g5 b3 28. Nc3 Ra6 29. cxb3 Be6 30. Rb8 Rf7 31. Rf1 Bg4 32. Kd2 h6 33. Ke2 Bh5 34. gxh6+ Kxh6 35. Rb5 Raf6 36. Rxe5 Bxf3+ 37. Ke3 g5 38. Nd5 g4 39. Nxf6 Rxf6 40. Rxa5 Re6 41. Rxf3 1-0

[Event "MNT-chT"]
[Site "Tivat"]
[Date "2011.10.09"]
[Round "2.4"]
[White "Ceranic, Miodrag"]
[Black "Pajkovic, Vladimir"]
[Result "0-1"]
[WhiteElo "2178"]
[BlackElo "2417"]
[PlyCount "68"]
[EventDate "2011.10.08"]
[EventType "team-tourn"]
[EventRounds "9"]
[EventCountry "MNE"]
[SourceTitle "CBM 144 Extra"]
[Source "ChessBase"]
[SourceDate "2011.10.28"]
[SourceVersion "1"]
[SourceVersionDate "2011.10.28"]
[SourceQuality "1"]
[WhiteTeam "Herceg Novi Bijela"]
[BlackTeam "Podgorica Buducnost"]
[WhiteTeamCountry "MNE"]
[BlackTeamCountry "MNE"]

1. e4 e5 2. Nc3 Nf6 3. f4 d5 4. fxe5 Nxe4 5. Nf3 Nc6 6. d3 Nxc3 7. bxc3 d4 8. cxd4 Bb4+ 9. Bd2 Bxd2+ 10. Qxd2 Nxd4 11. c3 Nxf3+ 12. gxf3 Bf5 13. Qf4 Be6 14. Rg1 Qd5 15. Rxg7 0-0-0 16. Qe3 Qa5 17. d4 c5 18. Kf2 cxd4 19. cxd4 Qa4 20. Bd3 Rxd4 21. Be4 Rd7 22. Rc1+ Kb8 23. a3 h5 24. Qc3 a6 25. Ke3 Rhd8 26. Rh7 Qb5 27. Rb1 Qa4 28. Rxh5 Rc7 29. Qb4 Qd7 30. Rh6 b5 31. Qa5 Qd4+ 32. Kf4 Rd5 33. Rh8+ Bc8 34. Rxb5+ Rxb5 0-1

[Event "MNT CupT"]
[Site "Tivat"]
[Date "2011.04.28"]
[Round "1"]
[White "Ceranic, Miodrag"]
[Black "Podlesnik, Bogdan"]
[Result "0-1"]
[WhiteElo "2180"]
[BlackElo "2383"]
[PlyCount "66"]
[EventDate "2011.04.28"]
[EventType "team-tourn"]
[EventRounds "5"]
[EventCountry "MNE"]
[SourceTitle "CBM 142 Extra"]
[Source "ChessBase"]
[SourceDate "2011.06.27"]
[SourceVersion "1"]
[SourceVersionDate "2011.06.27"]
[SourceQuality "1"]

1. e4 c5 2. Nf3 Nc6 3. Bb5 e6 4. Bxc6 bxc6 5. d3 d6 6. 0-0 e5 7. h3 g6 8. Nbd2 Bg7 9. Nc4 Ne7 10. Qe1 0-0 11. Nfd2 Qc7 12. Nb3 d5 13. Nca5 c4 14. dxc4 dxe4 15. Qxe4 f5 16. Qe1 f4 17. f3 g5 18. Bd2 Bf5 19. Rc1 h5 20. Bb4 Rae8 21. Bc5 g4 22. hxg4 hxg4 23. fxg4 Bxg4 24. Qh4 Qd7 25. Bxe7 Rxe7 26. Nxc6 Ree8 27. Nca5 e4 28. c3 e3 29. Nc5 Qf5 30. b4 Rf6 31. Qh2 e2 32. Rce1 exf1Q+ 33. Rxf1 f3 0-1

[Event "MNT-chT"]
[Site "Cetinje"]
[Date "2010.07.26"]
[Round "3"]
[White "Ceranic, Miodrag"]
[Black "Lekic, Lazar"]
[Result "1-0"]
[WhiteElo "2164"]
[BlackElo "1913"]
[PlyCount "57"]
[EventDate "2010.07.24"]
[EventType "team-swiss"]
[EventRounds "9"]
[EventCountry "MNE"]
[SourceTitle "CBM 137 Extra"]
[Source "ChessBase"]
[SourceDate "2010.09.01"]
[SourceVersion "1"]
[SourceVersionDate "2010.09.01"]
[SourceQuality "1"]

1. e4 c5 2. Nf3 d6 3. d4 cxd4 4. Nxd4 Nf6 5. Nc3 a6 6. a4 e5 7. Nf3 Qc7 8. h3 Be6 9. Bd3 Be7 10. Qe2 h6 11. 0-0 0-0 12. Be3 d5 13. exd5 Nxd5 14. Nxd5 Bxd5 15. Bd2 Bf6 16. Bc3 e4 17. Bxe4 Bxe4 18. Qxe4 Bxc3 19. bxc3 Nd7 20. Rab1 Nc5 21. Qc4 Rac8 22. Rfd1 Rfe8 23. Rd4 Ne4 24. Qxc7 Rxc7 25. Re1 Rce7 26. Re3 f5 27. g3 Rc7 28. Nh4 Rxc3 29. Rdxe4 1-0

[Event "MNT-chT"]
[Site "Cetinje"]
[Date "2009.08.21"]
[Round "1.1"]
[White "Ceranic, Miodrag"]
[Black "Milanovic, Slavisa"]
[Result "0-1"]
[WhiteElo "2171"]
[BlackElo "2331"]
[PlyCount "64"]
[EventDate "2009.08.21"]
[EventType "team-tourn"]
[EventRounds "7"]
[EventCountry "MNE"]
[SourceTitle "CBM 131 Extra"]
[Source "ChessBase"]
[SourceDate "2009.09.03"]
[SourceVersion "2"]
[SourceVersionDate "2009.09.16"]
[SourceQuality "1"]

1. e4 e6 2. d4 d5 3. exd5 exd5 4. Qf3 Nf6 5. h3 Nc6 6. c3 Be7 7. Bd3 0-0 8. Ne2 Be6 9. Nd2 Qd7 10. g4 Ne4 11. Nxe4 dxe4 12. Bxe4 f5 13. gxf5 Bxf5 14. Be3 Bxe4 15. Qxe4 Rae8 16. Qg4 Qd5 17. Rg1 Bf6 18. Nf4 Qa5 19. Qh5 Bxd4 20. Qxa5 Nxa5 21. cxd4 Rxf4 22. Rc1 Rf7 23. Rg4 Nc6 24. Ke2 Nb4 25. Rc5 c6 26. Re5 Ref8 27. a3 Nd5 28. b4 a6 29. Kd3 Rf3 30. h4 Rh3 31. Kc4 Rxf2 32. Rge4 Rc2+ 0-1

[Event "EU-ch 10th"]
[Site "Budva"]
[Date "2009.03.16"]
[Round "10"]
[White "Ceranic, Miodrag"]
[Black "Andrejic, Vladica"]
[Result "1-0"]
[WhiteElo "2147"]
[BlackElo "2275"]
[PlyCount "87"]
[EventDate "2009.03.06"]
[EventType "swiss"]
[EventRounds "11"]
[EventCountry "MNE"]
[SourceTitle "CBM 130"]
[Source "ChessBase"]
[SourceDate "2009.05.20"]
[SourceVersion "1"]
[SourceVersionDate "2009.05.20"]
[SourceQuality "1"]

1. e4 c5 2. Nf3 e6 3. d4 cxd4 4. Nxd4 Nc6 5. Nb5 d6 6. c4 a6 7. N5c3 Nf6 8. Be2 Be7 9. Be3 0-0 10. 0-0 b6 11. Nd2 Nd7 12. Rc1 Bb7 13. Nb3 Qc7 14. Nd2 Rac8 15. Nd5 Qd8 16. Nxe7+ Nxe7 17. Bg5 Re8 18. Rc3 d5 19. exd5 exd5 20. Rg3 f6 21. Bf4 Ng6 22. Be3 Nde5 23. cxd5 Ne7 24. d6 Qxd6 25. Qb3+ Bd5 26. Qxb6 Rc6 27. Qa5 Nf5 28. Rh3 Nxe3 29. Rxe3 Rb8 30. b3 Rc5 31. Qa3 Qc7 32. Bf3 Nxf3+ 33. Nxf3 Bb7 34. Rfe1 Rc8 35. Re7 Qc6 36. Qb4 Rc7 37. R7e6 Qd5 38. Qg4 Bc8 39. Re8+ Kf7 40. Qa4 Rc1 41. Rf8+ Kg6 42. Qe8+ Kf5 43. Qh5+ g5 44. Qxg5# 1-0

[Event "MNT-chT"]
[Site "Herceg Novi"]
[Date "2008.08.30"]
[Round "6"]
[White "Kontic, Djordjije"]
[Black "Ceranic, Miodrag"]
[Result "1-0"]
[WhiteElo "2339"]
[BlackElo "2138"]
[PlyCount "59"]
[EventDate "2008.08.25"]
[EventType "team-tourn"]
[EventRounds "7"]
[EventCountry "MNE"]
[SourceTitle "CBM 126 Extra"]
[Source "ChessBase"]
[SourceDate "2008.11.05"]
[SourceVersion "1"]
[SourceVersionDate "2008.11.05"]
[SourceQuality "1"]

1. e4 c5 2. Nf3 Nc6 3. d4 cxd4 4. Nxd4 Nf6 5. Nc3 g6 6. Nxc6 bxc6 7. e5 Nh5 8. Bc4 Ng7 9. 0-0 Qa5 10. Qe2 Ne6 11. f4 Nd4 12. Qd3 Nxc2 13. Bxf7+ Kxf7 14. Qxc2 d5 15. f5 gxf5 16. Rxf5+ Bxf5 17. Qxf5+ Ke8 18. Be3 Kd8 19. Rd1 Kc7 20. Rd4 Qb6 21. Qc2 e6 22. Qf2 Be7 23. Rf4 Qa6 24. Rf7 Kd8 25. Rxe7 Kxe7 26. Bc5+ Kd7 27. Qf7+ Kc8 28. Qxe6+ Kd8 29. Be7+ Kc7 30. Nxd5+ 1-0

[Event "MNT-chT 1st"]
[Site "Herceg Novi"]
[Date "2006.09.27"]
[Round "6"]
[White "Kostic, Vladimir G"]
[Black "Ceranic, Miodrag"]
[Result "0-1"]
[WhiteElo "2433"]
[BlackElo "2129"]
[PlyCount "82"]
[EventDate "2006.09.22"]
[EventType "team-tourn"]
[EventRounds "11"]
[EventCountry "MNE"]
[SourceTitle "CBM 114 Extra"]
[Source "ChessBase"]
[SourceDate "2006.11.03"]
[SourceVersion "1"]
[SourceVersionDate "2006.11.03"]
[SourceQuality "1"]

1. e4 c5 2. Nf3 g6 3. d4 cxd4 4. Nxd4 Bg7 5. Nc3 Nc6 6. Be3 Nf6 7. Bc4 0-0 8. 0-0 d6 9. h3 Bd7 10. Qd2 Re8 11. f4 Rc8 12. Bb3 Qa5 13. Rad1 a6 14. a3 Qh5 15. Qf2 Na5 16. Ba2 Rxc3 17. bxc3 Nxe4 18. Qe1 Rc8 19. Bd2 d5 20. Kh2 Nc4 21. Bxc4 Rxc4 22. Qe3 e6 23. Rc1 Bf8 24. Rb1 b5 25. Rb3 Bd6 26. Kg1 Bc5 27. Qd3 Nxd2 28. Qxd2 Qh4 29. Rf3 Qe7 30. Qc1 Ra4 31. Qd2 Bxa3 32. Qe3 Bc5 33. Qe5 f6 34. Qb8+ Kg7 35. Kh1 Ra1+ 36. Kh2 Bd6 37. Qa7 e5 38. Nxb5 Bxb5 39. Qxe7+ Bxe7 40. fxe5 fxe5 41. Re3 Bg5 0-1

[Event "Mimoza op"]
[Site "Herceg Novi"]
[Date "2005.02.26"]
[Round "2"]
[White "Todorovic, Jovan"]
[Black "Ceranic, Miodrag"]
[Result "1-0"]
[WhiteElo "2387"]
[BlackElo "2110"]
[PlyCount "37"]
[EventDate "2005.02.25"]
[EventType "swiss"]
[EventRounds "9"]
[EventCountry "YUG"]
[SourceTitle "CBM 105 Extra"]
[Source "ChessBase"]
[SourceDate "2005.05.01"]
[SourceVersion "1"]
[SourceVersionDate "2005.05.01"]
[SourceQuality "1"]

1. e4 c5 2. Nf3 Nc6 3. d4 cxd4 4. Nxd4 Nf6 5. Nc3 g6 6. Nxc6 bxc6 7. e5 Ng8 8. Bc4 Bg7 9. Qf3 f5 10. Bf4 Qa5 11. 0-0 Bxe5 12. b4 Qc7 13. Nb5 Qb8 14. Bxe5 Qxe5 15. Rfe1 Qb8 16. Qc3 d5 17. Qxh8 Kf8 18. Rxe7 Kxe7 19. Qg7+ 1-0